01393cam a2200289 a 450000500170000001000340001702000260005103500130007703500180009003700130010803700270012108200170014824500720016525000110023726000390024827000770028730000380036449000570040250000410045950504550050065000300095565000300098570000200101570000210103570000210105683000260107720100811143203.0 aENG-101755 B-428494-501 a9788132105732c550.00 aEN-85288 a B-428494-501 bDBAD/PUB bResearchco Book Centre00a658.409222200aCases in leadership /cedited by W. Glenn Rowe [and] Laura Guerrero a2nd ed aNew DelhibSage Publicationsc2010 aB1/I-1 Mohan Cooperative Industrial Area Mathura RoadbNew Delhie110044 aviii, 465 p. :bill. c24cm (pbk)1 aThe Ivey casebook series ; edited by Paul W. Beamish aIncludes bibliographical references.0 aLeadership : what is it? -- Leadership trait approach -- Leadership skills approach -- Leader style approach -- The situational approach to leadership -- The contingency theory of leadership -- The path-goal theory of leadership -- The leader-member exchange theory of leadership -- Transformational leadership -- Authentic leadership -- Team leadership -- Strategic leadership -- Women and leadership -- Culture and leadership -- Ethical leadership. 0aLeadershipvCase studies. 0aManagementvCase studies.1 aRowe, W. Glenn.1 aGuerrero, Laura.1 aBeamish, Paul W. 0aIvey casebook series.